No menor que el vacío (Record no. 187205)

MARC details
000 -LEADER
campo de control de longitud fija 00865nam a2200229 i 4500
001 - NÚMERO DE CONTROL
campo de control 187205
003 - IDENTIFICADOR DE NÚMERO DE CONTROL
campo de control SpMaBN
005 - FECHA Y HORA DE LA ÚLTIMA TRANSACCIÓN
campo de control 20250722125357.0
008 - DATOS DE LONGITUD FIJA--INFORMACIÓN GENERAL
campo de control de longitud fija 170505s1988 sp |||| | spa d
020 ## - NÚMERO INTERNACIONAL ESTÁNDAR DEL LIBRO
Número Internacional Estándar del Libro 84-505-8019-6
080 ## - NÚMERO DE LA CLASIFICACIÓN DECIMAL UNIVERSAL
Número de la Clasificación Decimal Universal 821.134.2-14"19"
100 1# - ENTRADA PRINCIPAL--NOMBRE DE PERSONA
Nombre de persona Feria, Luis.
9 (RLIN) 49296
245 10 - MENCIÓN DEL TÍTULO
Título No menor que el vacío
Resto del título : (poesía 1962-1988) /
Mención de responsabilidad, etc. Luis Feria ; [edición de Jorge Rodríguez Padrón].
260 ## - PUBLICACIÓN, DISTRIBUCIÓN, ETC.
Lugar de publicación, distribución, etc. Canarias, [Sta. Cruz de Tenerife] :
Nombre del editor, distribuidor, etc. Viceconsejería de Cultura y Deportes, Gobierno de Canarias,
Fecha de publicación, distribución, etc. 1988.
300 ## - DESCRIPCIÓN FÍSICA
Extensión 173 p. ;
Dimensiones 21 cm.
490 1# - MENCIÓN DE SERIE
Mención de serie Biblioteca básica canaria ;
Designación de volumen o secuencia 39
700 0# - ENTRADA AGREGADA--NOMBRE PERSONAL
Nombre de persona Rodríguez Padrón, Jorge,
Fechas asociadas al nombre 1943-
9 (RLIN) 98716
710 1# - ENTRADA AGREGADA--NOMBRE DE ENTIDAD CORPORATIVA
Nombre de entidad corporativa o nombre de jurisdicción como elemento de entrada Canarias.
Unidad subordinada Viceconsejería de Cultura y Deportes.
9 (RLIN) 2427
830 0# - PUNTO DE ACCESO ADICIONAL DE SERIE-TÍTULO UNIFORME
Título uniforme Biblioteca básica canaria ;
Designación de volumen o secuencia 39
9 (RLIN) 177611
852 ## - LOCALIZACIÓN
Ubicación ES-MaACL
Número de control de estantería L-31549
Holdings
Estatus retirado Estado de pérdida Estado de daño No para préstamo Biblioteca de origen Biblioteca actual Ubicación en estantería Fecha de adquisición Fuente de adquisición Total de préstamos Signatura topográfica completa Código de barras Visto por última vez Precio de reemplazo Tipo de ítem Koha
        Biblioteca del Ateneo de Madrid Biblioteca del Ateneo de Madrid Depósito 2 05/05/2017     L-31549 1197534 23/02/2023 23/02/2023 Libro impreso